[Event "RSA-chT U18"]
[Site "Cape Town"]
[Date "2016.01.06"]
[Round "6.2"]
[White "Roux, David"]
[Black "Joseph, Leon"]
[Result "0-1"]
[WhiteElo "1219"]
[BlackElo "1326"]
[PlyCount "136"]
[EventDate "2016.01.04"]
[EventType "team-tourn"]
[EventRounds "7"]
[EventCountry "RSA"]
[SourceTitle "CBM 170 Extra"]
[Source "ChessBase"]
[SourceDate "2016.02.25"]
[SourceVersion "1"]
[SourceVersionDate "2016.02.25"]
[SourceQuality "1"]
[WhiteTeam "Kenneth Kaunda"]
[BlackTeam "Capricorn"]
[WhiteTeamCountry "RSA"]
[BlackTeamCountry "RSA"]

1. d4 d5 2. e3 Nf6 3. Bd3 Nc6 4. c3 e6 5. Nd2 Bd6 6. f4 Bd7 7. Ngf3 Ng4 8. Qe2 h6 9. Ne5 Ngxe5 10. fxe5 Be7 11. 0-0 0-0 12. e4 f6 13. exf6 Bxf6 14. e5 Bg5 15. Nf3 Bxc1 16. Raxc1 Be8 17. Qe1 a6 18. Rc2 Bh5 19. Qg3 Bxf3 20. Rxf3 Rxf3 21. Qxf3 Qg5 22. Qf2 Ne7 23. Qg3 Qh5 24. Be2 Qf5 25. Bd3 Qh5 26. Be2 Qf7 27. Bd3 Nf5 28. Bxf5 Qxf5 29. Qf2 Qe4 30. Qe2 Qg6 31. Rc1 Rf8 32. b3 c6 33. c4 Qg5 34. Rf1 Rxf1+ 35. Kxf1 Qf4+ 36. Qf2 Qxh2 37. cxd5 cxd5 38. Qg1 Qh5 39. Qe3 Qd1+ 40. Kf2 Qc2+ 41. Qe2 Qf5+ 42. Ke1 Qf4 43. Qf3 Qxd4 44. Ke2 Qxe5+ 45. Qe3 Qb2+ 46. Kd1 Qb1+ 47. Qc1 Qxa2 48. Qc8+ Kh7 49. Qxb7 a5 50. Qb5 Qb1+ 51. Kd2 Qb2+ 52. Ke3 Qc3+ 53. Qd3+ Qxd3+ 54. Kxd3 Kg8 55. Kd4 Kf8 56. Ke5 Ke7 57. g4 Kd7 58. Kd4 Kd6 59. Kc3 Kc5 60. g5 hxg5 61. b4+ axb4+ 62. Kb3 d4 63. Kc2 Kc4 64. Kc1 Kc3 65. Kd1 b3 66. Kc1 d3 67. Kb1 d2 68. Ka1 d1Q# 0-1